000 00699nam a2200205 i 4500
001 59106
003 ES-MaACL
005 20250911063533.0
007 t|
008 031027s1936 sp ||||1| spa d
100 1 _aEnamorado Cuesta, José,
_d1892-1976
_947167
245 1 3 _aEl imperialismo yanqui y la revolución en el Caribe /
_cJ. Enamorado Cuesta.
250 _a1ª ed.
260 _a[S.l. :
_bs.n,
_c1936] (
_eBarcelona :
_fTall. Gráficos Avants)
300 _a254 p. ;
_c20 cm.
651 4 _aEstados Unidos-
_xRelaciones-
_zCaribe (Región)
_9163649
651 4 _aCaribe (Región)-
_xRelaciones-
_zEstados Unidos.
_9163650
852 _aES-MaACL
_jF-14993
999 _c59106
_d59106